000 00243 a2200121 4500
001 76669
082 _a011 ASR
090 _c39183
_d39183
100 _aASR
245 _aKnowledge is power
260 _alahore
_bASR
_c1992
300 _a232 p.
942 _aNUST-CAE
_k011 ASR
999 _c311742
_d311742